[Event "Sparkassen-Open B"]
[Site "Heusenstamm, Martinsee"]
[Date "2019.11.24"]
[Round "6.18"]
[White "Lanz, Udo"]
[Black "Baumann, Ralf-Rüdiger"]
[Result "1-0"]
[WhiteElo "1787"]
[BlackElo "1600"]
[PlyCount "65"]
[EventDate "2019.??.??"]
[WhiteTeam "VSG Offenbach"]
[BlackTeam "SVG Konstanz"]

1. e4 e5 2. Nf3 Nc6 3. Bc4 Bc5 4. c3 Nf6 5. d4 exd4 6. O-O d6 7. cxd4 Bb6 8.
Nc3 Bg4 9. Be3 Bxf3 10. gxf3 O-O 11. Ne2 Ne7 12. Ng3 Ng6 13. Qd2 Re8 14. Be2 h6
15. Nf5 Nh7 16. Kh1 Nh4 17. Nxh4 Qxh4 18. Rg1 Kh8 19. Rg4 Qf6 20. Rag1 Rg8 21.
f4 c5 22. e5 Qe6 23. d5 Qd7 24. Bc4 Bd8 25. e6 fxe6 26. dxe6 Qc7 27. e7 Bxe7
28. Bxg8 Rxg8 29. f5 Bg5 30. Bxg5 Nxg5 31. R1g3 Qc6+ 32. f3 Nxf3 33. Qxh6+ 1-0

[Event "Sparkassen-Open B"]
[Site "Heusenstamm, Martinsee"]
[Date "2019.11.24"]
[Round "6.19"]
[White "Mensendiek, Theodor"]
[Black "Plattner, Rolf"]
[Result "1-0"]
[WhiteElo "1577"]
[BlackElo "1787"]
[PlyCount "71"]
[EventDate "2019.??.??"]
[WhiteTeam "SF Heusenstamm"]
[BlackTeam "SK Langen"]

1. e4 c5 2. Nf3 a6 3. c3 d6 4. d4 cxd4 5. cxd4 Bg4 6. h3 Bh5 7. Qa4+ Nd7 8. Qb3
Qb6 9. Qxb6 Nxb6 10. Be2 Nf6 11. Nc3 Nfd7 12. O-O e6 13. Bf4 d5 14. exd5 exd5
15. Rfe1 Kd8 16. Ne5 Nxe5 17. Bxh5 Nd3 18. Bg5+ f6 19. Re8+ Kd7 20. Rxa8 Nxa8
21. Bd2 Nc7 22. Rb1 Bd6 23. Be2 Nf4 24. Bg4+ Kc6 25. g3 Ng6 26. Rc1 Kb6 27.
Na4+ Ka7 28. Ba5 Nb5 29. Nb6 Ne7 30. Nd7 f5 31. Bf3 Nc6 32. Bb6+ Ka8 33. Bxd5
Nbxd4 34. Rd1 Ne2+ 35. Kg2 Re8 36. Bxc6 1-0

[Event "Sparkassen-Open B"]
[Site "Heusenstamm, Martinsee"]
[Date "2019.11.24"]
[Round "6.20"]
[White "Lorenz, Alexander"]
[Black "Probstfeld, Bernd"]
[Result "0-1"]
[WhiteElo "1759"]
[BlackElo "1531"]
[PlyCount "70"]
[EventDate "2019.??.??"]
[WhiteTeam "SV Bergwinkel"]
[BlackTeam "SG Pieroth"]

1. e4 d6 2. d4 Nf6 3. Nc3 g6 4. f4 Bg7 5. Nf3 Bg4 6. h3 Bxf3 7. Qxf3 c6 8. Be3
O-O 9. O-O-O Qc7 10. e5 Nfd7 11. g4 b5 12. Bg2 Nb6 13. b3 a5 14. h4 b4 15. Ne2
a4 16. h5 axb3 17. axb3 Ra1+ 18. Kd2 Rxd1+ 19. Kxd1 Nd5 20. Bd2 dxe5 21. fxe5
e6 22. Qh3 Bh8 23. Nf4 Nxf4 24. Bxf4 Rd8 25. d5 cxd5 26. hxg6 fxg6 27. g5 Qe7
28. Bf3 Nd7 29. Qh2 Rf8 30. Bg4 Rf7 31. Bg3 Nf8 32. Bf4 Qa7 33. Qd2 Qa1+ 34.
Qc1 Qd4+ 35. Qd2 Rxf4 0-1

[Event "Sparkassen-Open B"]
[Site "Heusenstamm, Martinsee"]
[Date "2019.11.24"]
[Round "6.21"]
[White "Spelleken, Hans-Gerd"]
[Black "Schmid, Leon"]
[Result "1-0"]
[WhiteElo "1753"]
[BlackElo "1546"]
[PlyCount "85"]
[EventDate "2019.??.??"]
[WhiteTeam "SC Kahl"]
[BlackTeam "SF Heidesheim"]

1. Nf3 Nf6 2. d4 g6 3. Nbd2 Bg7 4. e4 d6 5. Bc4 e5 6. dxe5 dxe5 7. O-O Nc6 8.
b3 O-O 9. Ba3 Re8 10. Ng5 Be6 11. Nxe6 fxe6 12. c3 Bh6 13. Bc1 Qd7 14. Qe2 Rad8
15. Nf3 Bxc1 16. Raxc1 a6 17. Rcd1 Qe7 18. Ng5 Rxd1 19. Rxd1 Nd8 20. b4 c5 21.
b5 axb5 22. Bxb5 Rf8 23. Bc4 Nh5 24. h4 Kh8 25. Qd2 Nf6 26. Qd6 Qxd6 27. Rxd6
Re8 28. Rxd8 Rxd8 29. Nf7+ Kg7 30. Nxd8 Nxe4 31. Nxe6+ Kf6 32. f3 Nxc3 33. Nxc5
b5 34. Bg8 h6 35. g4 Kg7 36. Bb3 Kh7 37. Kf2 Kg7 38. Ke3 g5 39. hxg5 hxg5 40.
Nd7 Na4 41. Bxa4 bxa4 42. Nxe5 Kf6 43. Nc4 1-0

[Event "Sparkassen-Open B"]
[Site "Heusenstamm, Martinsee"]
[Date "2019.11.24"]
[Round "6.22"]
[White "Pidgora, Andrejs"]
[Black "Bengsch, Norbert"]
[Result "1/2-1/2"]
[WhiteElo "1546"]
[BlackElo "1742"]
[PlyCount "47"]
[EventDate "2019.??.??"]
[WhiteTeam "Riga Chess School"]
[BlackTeam "SG Donautal Tuttlingen"]

1. e4 d6 2. d4 Nf6 3. Nc3 g6 4. Bf4 Bg7 5. h3 O-O 6. Nf3 c6 7. e5 dxe5 8. dxe5
Nd5 9. Nxd5 Qxd5 10. Qxd5 cxd5 11. O-O-O e6 12. Bd3 Nc6 13. a3 Bd7 14. h4 h6
15. Rde1 Ne7 16. h5 g5 17. Nxg5 hxg5 18. h6 Bxh6 19. Rxh6 gxf4 20. Reh1 Nf5 21.
Bxf5 exf5 22. Rh8+ Kg7 23. R8h7+ Kg6 24. R7h6+ 1/2-1/2

[Event "Sparkassen-Open B"]
[Site "Heusenstamm, Martinsee"]
[Date "2019.11.24"]
[Round "6.23"]
[White "Taskor, Erkan"]
[Black "Laufer, Maximilian"]
[Result "0-1"]
[WhiteElo "1730"]
[BlackElo "1374"]
[PlyCount "204"]
[EventDate "2019.??.??"]
[WhiteTeam "Niederräder TG"]
[BlackTeam "MS Halver-Schalksmühle"]

1. d4 d5 2. Bf4 Nf6 3. e3 h6 4. Bd3 e6 5. h3 Bd6 6. Nf3 Bxf4 7. exf4 Nbd7 8. f5
exf5 9. Bxf5 O-O 10. O-O Nb6 11. Bd3 Nc4 12. Qc1 Re8 13. b3 Nd6 14. Nbd2 Bf5
15. Bxf5 Nxf5 16. c3 Ne4 17. Qc2 Nfd6 18. Rfe1 Qf6 19. Re3 c6 20. Rae1 Re7 21.
Nxe4 Nxe4 22. Nd2 Qxf2+ 23. Kh1 Qf4 24. Kg1 Rae8 25. Nf3 f6 26. c4 Kf8 27. c5
Kg8 28. b4 g6 29. a4 Kg7 30. Qb2 Re6 31. b5 Ng5 32. Rxe6 Rxe6 33. Rxe6 Nxe6 34.
bxc6 bxc6 35. Qb7+ Qc7 36. Qa8 Nd8 37. Nd2 Kf7 38. Kf2 Ke7 39. Kf3 Ne6 40. Nb3
Qf4+ 41. Ke2 Qe4+ 42. Kd1 Nxd4 43. Qxa7+ Ke6 44. Nxd4+ Qxd4+ 45. Ke2 Qc4+ 46.
Kf2 d4 47. a5 Qa2+ 48. Kf3 d3 49. Qb6 Qe2+ 50. Kg3 Qe3+ 51. Kh2 Qe4 52. Qb3+
Kf5 53. a6 d2 54. a7 Qe5+ 55. Qg3 Qxg3+ 56. Kxg3 d1=Q 57. a8=Q Qe1+ 58. Kh2
Qe5+ 59. Kh1 Qxc5 60. Qc8+ Ke5 61. Qe8+ Kf4 62. Qxg6 Qg5 63. Qc2 c5 64. Qf2+
Ke4 65. Qc2+ Kd5 66. Qd3+ Ke6 67. Qe4+ Kf7 68. Qh7+ Qg7 69. Qe4 Qf8 70. Qh7+
Ke8 71. Qc7 Qe7 72. Qc6+ Kf7 73. Qd5+ Kg7 74. Qf3 Qe5 75. Qg4+ Qg5 76. Qd7+ Kg6
77. Qd3+ Qf5 78. Qg3+ Kf7 79. Qc7+ Ke8 80. Qc6+ Kd8 81. Qd6+ Ke8 82. Qc6+ Kf7
83. Qc7+ Kg6 84. Qg3+ Kh5 85. Qe1 Qe5 86. Qd1+ Kg6 87. Qg4+ Kf7 88. Qd7+ Qe7
89. Qd5+ Kg7 90. Qd1 h5 91. Qc1 Qe5 92. Qd2 Kg6 93. Qd3+ f5 94. Kg1 Qd4+ 95.
Qxd4 cxd4 96. Kf2 Kg5 97. Kf3 h4 98. g3 d3 99. gxh4+ Kxh4 100. Ke3 Kxh3 101.
Kxd3 f4 102. Ke2 Kg2 0-1

[Event "Sparkassen-Open B"]
[Site "Heusenstamm, Martinsee"]
[Date "2019.11.24"]
[Round "6.24"]
[White "Dehmel, Manfred"]
[Black "Schwenk, Stefan"]
[Result "0-1"]
[WhiteElo "1545"]
[BlackElo "1723"]
[PlyCount "110"]
[EventDate "2019.??.??"]
[WhiteTeam "SC Königsspringer Alzenau"]
[BlackTeam "SK Geisenheim"]

1. Nf3 c5 2. e3 e6 3. c4 Nf6 4. Nc3 Be7 5. Be2 b6 6. b3 Bb7 7. Bb2 O-O 8. d3 d5
9. d4 Nbd7 10. cxd5 Nxd5 11. Nxd5 Bxd5 12. Bc4 Bb7 13. d5 exd5 14. Bxd5 Qc7 15.
Bxb7 Qxb7 16. O-O Bf6 17. Qc2 h6 18. h3 Rac8 19. Bxf6 Nxf6 20. Qb2 Qe4 21. Rfc1
Rfd8 22. Rc4 Qd5 23. a4 Rc6 24. Qc2 a5 25. Re1 Re6 26. Kf1 Red6 27. Kg1 Qd3 28.
Rc1 Qxc2 29. R1xc2 Rd1+ 30. Kh2 Rb1 31. Nd2 Rd1 32. Ne4 Nxe4 33. Rxe4 Rb1 34.
f4 Rxb3 35. Kg3 Rb4 36. Rcc4 g6 37. Kf3 Kg7 38. g4 Kf6 39. h4 Rxc4 40. Rxc4 Ke6
41. g5 hxg5 42. Re4+ Kd6 43. fxg5 Rd7 44. Rf4 Rb7 45. Kg4 Kd5 46. h5 gxh5+ 47.
Kxh5 c4 48. Kh6 c3 49. Kg7 c2 50. Rf1 Rc7 51. Rc1 Ke4 52. Rxc2 Rxc2 53. Kxf7
Kxe3 54. g6 Rg2 55. g7 Kd4 0-1

[Event "Sparkassen-Open B"]
[Site "Heusenstamm, Martinsee"]
[Date "2019.11.24"]
[Round "6.25"]
[White "Haftmann, Rainer"]
[Black "Goodwin, David"]
[Result "1/2-1/2"]
[WhiteElo "1712"]
[BlackElo "1541"]
[PlyCount "68"]
[EventDate "2019.??.??"]
[WhiteTeam "SG Dietzenbach"]
[BlackTeam "SV Kelsterbach"]

1. e4 g6 2. d4 Bg7 3. Nf3 d6 4. c4 Nd7 5. Nc3 e6 6. Be3 Ne7 7. Bd3 c5 8. d5
exd5 9. exd5 Ne5 10. Nxe5 Bxe5 11. Qd2 Bg7 12. O-O O-O 13. Bh6 Bxh6 14. Qxh6
Nf5 15. Bxf5 Bxf5 16. Qf4 Re8 17. Rfe1 Qd7 18. Nb5 Red8 19. Re3 a6 20. Nc3 Re8
21. Rae1 Rxe3 22. Rxe3 b5 23. b3 Rd8 24. h3 h5 25. cxb5 axb5 26. g4 hxg4 27.
hxg4 Bxg4 28. Nxb5 Qxb5 29. Qxg4 Re8 30. Qf4 Rxe3 31. Qxe3 Qd7 32. a4 Qg4+ 33.
Qg3 Qd1+ 34. Kh2 Qxd5 1/2-1/2

[Event "Sparkassen-Open B"]
[Site "Heusenstamm, Martinsee"]
[Date "2019.11.24"]
[Round "6.26"]
[White "Baltic, Sara"]
[Black "Haas, Vanessa"]
[Result "0-1"]
[WhiteElo "1520"]
[BlackElo "1706"]
[PlyCount "104"]
[EventDate "2019.??.??"]
[WhiteTeam "SG Porz"]
[BlackTeam "SC FK Babenhausen"]

1. e4 d5 2. exd5 Qxd5 3. Nc3 Qa5 4. d4 c6 5. Nf3 Bf5 6. Bd2 Qc7 7. Bc4 e6 8.
Nh4 Bg6 9. Nxg6 hxg6 10. h3 Nf6 11. Qe2 Be7 12. O-O-O Nbd7 13. Ne4 Nb6 14. Bb3
Nxe4 15. Qxe4 Rh4 16. Qe3 O-O-O 17. Bc3 Nd5 18. Bxd5 Rxd5 19. Qe2 Bf6 20. g3
Rh8 21. Rd3 Qd6 22. Qe4 Rf5 23. Rf3 Rd5 24. Rd3 Rd8 25. Rhd1 Rf5 26. f4 g5 27.
fxg5 Rxg5 28. Rg1 Rf5 29. Rgd1 Qd5 30. Qxd5 Rfxd5 31. Kb1 b6 32. Kc1 Kc7 33.
Kb1 Kb7 34. Kc1 c5 35. dxc5 Rxd3 36. Rxd3 Rxd3 37. cxd3 Bxc3 38. bxc3 bxc5 39.
Kc2 Kc6 40. Kb3 Kd5 41. Ka4 c4 42. d4 Ke4 43. Kb4 Kd3 44. a4 a5+ 45. Kxa5 Kxc3
46. Kb5 Kxd4 47. a5 c3 48. a6 c2 49. a7 c1=Q 50. a8=Q Qb1+ 51. Ka6 Qa1+ 52. Kb7
Qxa8+ 0-1

[Event "Sparkassen-Open B"]
[Site "Heusenstamm, Martinsee"]
[Date "2019.11.24"]
[Round "6.27"]
[White "Moldenhauer, Lennart"]
[Black "Plaumann, Arvin"]
[Result "0-1"]
[WhiteElo "1511"]
[BlackElo "1691"]
[PlyCount "72"]
[EventDate "2019.??.??"]
[WhiteTeam "SV Oberursel"]
[BlackTeam "SF Heidesheim"]

1. e4 e6 2. d4 d5 3. Nd2 c5 4. Ngf3 Nc6 5. exd5 Qxd5 6. Bc4 Qd6 7. Nb3 cxd4 8.
Nbxd4 Qb4+ 9. Nd2 Nxd4 10. c3 Qc5 11. cxd4 Qxd4 12. O-O Nf6 13. Qb3 Be7 14. Nf3
Qc5 15. Be3 Qb4 16. Qc2 O-O 17. a3 Qa5 18. Bf4 Bd7 19. Qb3 b5 20. Bd3 Nd5 21.
Bg3 Bc6 22. Ne5 Rfc8 23. Nxc6 Rxc6 24. Qxb5 Qxb5 25. Bxb5 Rb6 26. a4 a6 27. Bd3
Rxb2 28. Rfc1 Nb4 29. Be4 Rd8 30. Bf4 f5 31. Bf3 Bf6 32. Ra3 g5 33. Be3 Rc2 34.
Rb1 g4 35. Bb7 Rb2 36. Rc1 Nc2 0-1

[Event "Sparkassen-Open B"]
[Site "Heusenstamm, Martinsee"]
[Date "2019.11.24"]
[Round "6.28"]
[White "Cromm, Mika"]
[Black "Althaus, Lennart"]
[Result "1-0"]
[WhiteElo "1451"]
[BlackElo "1690"]
[PlyCount "67"]
[EventDate "2019.??.??"]
[WhiteTeam "TuS Löhnberg"]
[BlackTeam "TV-Großostheim"]

1. d4 d5 2. c4 c6 3. Nc3 Nf6 4. Bf4 Bf5 5. e3 e6 6. Nf3 Nbd7 7. Be2 dxc4 8.
Bxc4 Nb6 9. Bd3 Bxd3 10. Qxd3 Bb4 11. O-O Bxc3 12. bxc3 Rc8 13. Rad1 O-O 14.
Rfe1 c5 15. dxc5 Qxd3 16. Rxd3 Nbd5 17. Bd6 Rfd8 18. e4 Nc7 19. Red1 h6 20. e5
Nfe8 21. Rb1 Nxd6 22. cxd6 Na6 23. Nd4 Nc5 24. Re3 a6 25. c4 Kf8 26. f4 Rd7 27.
Nb3 Na4 28. Nd2 Rc6 29. Rb4 Nb6 30. Reb3 Nc8 31. Rxb7 Rxb7 32. Rxb7 Nxd6 33.
exd6 Rxd6 34. Rb2 1-0

[Event "Sparkassen-Open B"]
[Site "Heusenstamm, Martinsee"]
[Date "2019.11.24"]
[Round "6.29"]
[White "Merz, Julian"]
[Black "Chambers, Dominik Keith"]
[Result "0-1"]
[WhiteElo "1422"]
[BlackElo "1684"]
[PlyCount "80"]
[EventDate "2019.??.??"]
[WhiteTeam "Schachforum Darmstadt"]
[BlackTeam "SC Lorsch"]

1. e4 d5 2. exd5 Qxd5 3. Nc3 Qd6 4. d4 Nf6 5. Nf3 a6 6. h3 b5 7. a3 Bb7 8. Be2
e6 9. O-O Be7 10. Bd3 Nc6 11. Be4 Nxe4 12. Nxe4 Qd8 13. Re1 h6 14. Bf4 O-O 15.
c3 Na5 16. Nfd2 Qd5 17. Qg4 Qf5 18. Qg3 Qg6 19. Bxc7 Nc4 20. Qxg6 fxg6 21. Nxc4
bxc4 22. Nd2 Bd5 23. Nf1 Rac8 24. Ba5 Rf5 25. Ne3 Rf7 26. Nxd5 exd5 27. Re5 Bf6
28. Rxd5 Re8 29. Rc5 Re2 30. Rd1 Bg5 31. f3 Rfe7 32. Kf1 Bh4 33. Kg1 Bg3 34.
Re5 Bxe5 35. dxe5 R7xe5 36. Bc7 Rb5 37. Rd4 Rbxb2 38. Rxc4 Rxg2+ 39. Kh1 Rgc2
40. Be5 Rc1# 0-1

[Event "Sparkassen-Open B"]
[Site "Heusenstamm, Martinsee"]
[Date "2019.11.24"]
[Round "6.30"]
[White "Tobias, Christian"]
[Black "Ilievski, Kosto"]
[Result "1-0"]
[WhiteElo "1354"]
[BlackElo "1678"]
[PlyCount "29"]
[EventDate "2019.??.??"]
[WhiteTeam "SV Oberursel"]
[BlackTeam "SC Groß-Zimmern"]

1. e4 c6 2. d4 d5 3. exd5 cxd5 4. c4 e6 5. Nc3 Nf6 6. Nf3 Nc6 7. Bd3 dxc4 8.
Bxc4 h6 9. O-O Bd6 10. d5 Ne5 11. Nxe5 Bxe5 12. Bb5+ Ke7 13. Re1 Bxc3 14. bxc3
a6 15. Ba3+ 1-0

[Event "Sparkassen-Open B"]
[Site "Heusenstamm, Martinsee"]
[Date "2019.11.24"]
[Round "6.31"]
[White "Scheerer, Julian"]
[Black "Stosberg, Marc"]
[Result "1-0"]
[WhiteElo "1483"]
[BlackElo "1798"]
[PlyCount "41"]
[EventDate "2019.??.??"]
[WhiteTeam "SV Ffm-Griesheim"]
[BlackTeam "Sfr. Mörfelden"]

1. e4 c5 2. Nf3 Nc6 3. d4 cxd4 4. Nxd4 Nf6 5. Nc3 g6 6. Be3 Bg7 7. Bc4 d6 8. f3
a6 9. Qd2 O-O 10. h4 h5 11. O-O-O Nxd4 12. Bxd4 Bd7 13. Rdg1 b5 14. Bb3 e5 15.
Be3 Qc7 16. Bg5 Kh7 17. Bxf6 Bxf6 18. Nd5 Qd8 19. g4 Bxh4 20. g5 Bxg5 21. Qxg5
1-0

[Event "Sparkassen-Open B"]
[Site "Heusenstamm, Martinsee"]
[Date "2019.11.24"]
[Round "6.32"]
[White "Reinhold, Günther"]
[Black "Englert, Lin"]
[Result "1-0"]
[WhiteElo "1785"]
[BlackElo "1498"]
[PlyCount "73"]
[EventDate "2019.??.??"]
[WhiteTeam "Frankfurter TV"]
[BlackTeam "TV-Großostheim"]

1. e4 c5 2. Be2 Nc6 3. f4 g6 4. Nf3 Bg7 5. d3 Nf6 6. O-O e6 7. c3 O-O 8. Kh1 d5
9. e5 Nd7 10. d4 c4 11. Na3 a6 12. Nc2 f6 13. Be3 fxe5 14. fxe5 Qb6 15. Qd2 Ne7
16. Bg5 Rf7 17. Bxe7 Rxe7 18. Qg5 Re8 19. Rad1 Qd8 20. Qxd8 Rxd8 21. Ng5 Nf8
22. Bg4 Re8 23. Rf2 b5 24. Rdf1 Ra7 25. Nf7 Rc7 26. Bh3 Ree7 27. Nd6 Bb7 28.
Ne3 Bc6 29. Ng4 Kh8 30. Nf6 Bxf6 31. Rxf6 Nd7 32. Rxe6 Rxe6 33. Bxe6 Nb6 34.
Rf8+ Kg7 35. Rg8+ Kh6 36. Nf7+ Kh5 37. Rh8 1-0

[Event "Sparkassen-Open B"]
[Site "Heusenstamm, Martinsee"]
[Date "2019.11.24"]
[Round "6.33"]
[White "Keck, Johannes"]
[Black "Berkes, Jörg"]
[Result "0-1"]
[WhiteElo "1263"]
[BlackElo "1754"]
[PlyCount "45"]
[EventDate "2019.??.??"]
[WhiteTeam "SC Erlangen"]
[BlackTeam "SK Langen"]

1. e4 g6 2. d4 Bg7 3. Nc3 d6 4. Bc4 Nf6 5. Bb3 c6 6. Nf3 b5 7. a3 a5 8. O-O Ba6
9. Re1 O-O 10. h3 b4 11. e5 bxc3 12. exf6 Bxf6 13. bxc3 Nd7 14. Bg5 e6 15. Qd2
Bxg5 16. Qxg5 Qxg5 17. Nxg5 d5 18. Ba4 Nb6 19. Bb3 a4 20. Ba2 Nd7 21. Rec1 Nf6
22. f3 h6 23. Nxe6 0-1

[Event "Sparkassen-Open B"]
[Site "Heusenstamm, Martinsee"]
[Date "2019.11.24"]
[Round "6.34"]
[White "Heller, Holger"]
[Black "Schwab, Tizian"]
[Result "1-0"]
[WhiteElo "1722"]
[BlackElo "1495"]
[PlyCount "69"]
[EventDate "2019.??.??"]
[WhiteTeam "TuS Dotzheim"]
[BlackTeam "TV-Großostheim"]

1. d4 c6 2. c4 d5 3. e3 Nf6 4. Nf3 e6 5. Nc3 Bd6 6. cxd5 cxd5 7. Bb5+ Bd7 8.
Bxd7+ Qxd7 9. O-O O-O 10. Bd2 a6 11. Na4 Qb5 12. Rc1 Ne4 13. Qc2 Nd7 14. Nc3
Nxc3 15. bxc3 Rac8 16. e4 Rc4 17. e5 Be7 18. Ng5 Bxg5 19. Bxg5 Rfc8 20. Qd3 Qa5
21. Qg3 Rxc3 22. Rxc3 Rxc3 23. Qg4 Rc2 24. Bh6 g6 25. Qh4 Qc7 26. Qe7 Qc8 27.
h4 Rc7 28. h5 b5 29. hxg6 hxg6 30. g3 a5 31. Kg2 Rc2 32. Be3 Rc7 33. Rh1 Qf8
34. Qh4 Qg7 35. Qd8+ 1-0

[Event "Sparkassen-Open B"]
[Site "Heusenstamm, Martinsee"]
[Date "2019.11.24"]
[Round "6.35"]
[White "Ziegler, Christopher"]
[Black "Dinse, Michael"]
[Result "0-1"]
[WhiteElo "1408"]
[BlackElo "1709"]
[PlyCount "46"]
[EventDate "2019.??.??"]
[WhiteTeam "SV Kelsterbach"]
[BlackTeam "SC Turm Reinfeld"]

1. e4 e6 2. d4 d5 3. e5 c5 4. c3 Nc6 5. Nf3 Qb6 6. Be2 Nge7 7. Na3 cxd4 8. cxd4
Nf5 9. Nc2 Be7 10. O-O O-O 11. Bd3 h6 12. g4 Nh4 13. g5 Nxf3+ 14. Qxf3 Nxd4 15.
Qh5 Nf5 16. gxh6 g6 17. Qg4 Kh7 18. Ne1 Bd7 19. Nf3 Bc6 20. Ng5+ Bxg5 21. Qxg5
Qd8 22. Qg4 d4 23. Bg5 Qd5 0-1

[Event "Sparkassen-Open B"]
[Site "Heusenstamm, Martinsee"]
[Date "2019.11.24"]
[Round "6.36"]
[White "Firinci, Erdem"]
[Black "Meng, Yuxuan"]
[Result "0-1"]
[WhiteElo "1613"]
[BlackElo "1378"]
[PlyCount "76"]
[EventDate "2019.??.??"]
[WhiteTeam "SF Heusenstamm"]
[BlackTeam "SV Walldorf"]

1. e4 c5 2. c4 Nc6 3. Nc3 e6 4. Nf3 Nf6 5. d3 d5 6. exd5 exd5 7. cxd5 Nxd5 8.
Nxd5 Qxd5 9. Be2 Bd6 10. Be3 O-O 11. O-O b6 12. Nd2 Ne5 13. Nc4 Bb7 14. f3 Ng4
15. g3 b5 16. Nxd6 Nxe3 17. Qc1 Nxf1 18. Nxb7 Qxb7 19. Qxf1 Qb6 20. f4 Rad8 21.
Kh1 Qf6 22. Rb1 Qd4 23. Qg1 Qd5+ 24. Qg2 Qxa2 25. Rc1 Qxb2 26. Rxc5 Qb1+ 27.
Qf1 Qxf1+ 28. Bxf1 Rb8 29. d4 b4 30. Ra5 b3 31. Bd3 b2 32. Bb1 Rfc8 33. Rc5
Rxc5 34. dxc5 Rc8 35. Kg2 Rxc5 36. Kf3 Rc1 37. Ba2 b1=Q 38. Bxb1 Rxb1 0-1

[Event "Sparkassen-Open B"]
[Site "Heusenstamm, Martinsee"]
[Date "2019.11.24"]
[Round "6.37"]
[White "Richter, Tim"]
[Black "Pichl, Christoph"]
[Result "1-0"]
[WhiteElo "1446"]
[BlackElo "1611"]
[PlyCount "113"]
[EventDate "2019.??.??"]
[WhiteTeam "SF Heidesheim"]
[BlackTeam "SK Bad Homburg"]

1. d4 d5 2. c4 Nf6 3. Nc3 e6 4. e3 Bb4 5. Bd2 b6 6. Qa4+ Nc6 7. Qxc6+ Bd7 8.
Qb7 a5 9. cxd5 Bxc3 10. Bxc3 exd5 11. Nf3 O-O 12. Ne5 h6 13. Be2 Ba4 14. b3 Bd7
15. Bd2 Rb8 16. Qa6 Ne4 17. Qd3 Qe7 18. Nxd7 Qxd7 19. O-O Rfe8 20. Bf3 Ng5 21.
Qe2 Rbd8 22. Rac1 f5 23. Rc2 Re6 24. Rfc1 Rc8 25. Qd1 Rg6 26. g3 Ne4 27. Bxe4
fxe4 28. Rc3 c6 29. Qc2 h5 30. h4 Qh3 31. Be1 Qxh4 32. Qe2 Qg5 33. f4 Qf5 34.
Kh2 Kf7 35. Bf2 Rg4 36. Rxc6 Rxc6 37. Rxc6 Rg6 38. Rxg6 Qxg6 39. Qc2 Qd6 40.
Kg2 Kf6 41. Qc3 g5 42. Qc8 g4 43. Qh8+ Kg6 44. Qe8+ Kf6 45. Qe5+ Qxe5 46. fxe5+
Ke6 47. Kf1 Kd7 48. Ke2 b5 49. a3 a4 50. bxa4 bxa4 51. Kd2 Kc6 52. Kc3 Kb5 53.
Be1 Kc6 54. Kb4 Kb6 55. Kxa4 Kc6 56. Kb4 Kb6 57. a4 1-0

[Event "Sparkassen-Open B"]
[Site "Heusenstamm, Martinsee"]
[Date "2019.11.24"]
[Round "6.38"]
[White "Kosak, Karolina"]
[Black "Gräf, Jakob Vincent"]
[Result "1-0"]
[WhiteElo "1207"]
[BlackElo "1609"]
[PlyCount "123"]
[EventDate "2019.??.??"]
[WhiteTeam "SV Frankfurt Nord"]
[BlackTeam "SV Frankfurt Nord"]

1. e4 c6 2. d4 d5 3. exd5 cxd5 4. Bd3 e6 5. Bf4 Nc6 6. c3 Nf6 7. Nd2 Bd6 8.
Bxd6 Qxd6 9. Ngf3 O-O 10. O-O Re8 11. Re1 e5 12. dxe5 Nxe5 13. Nxe5 Rxe5 14.
Rxe5 Qxe5 15. Qe1 Qd6 16. Nf3 Bg4 17. Nd4 Re8 18. Qf1 Qe5 19. f3 Qe3+ 20. Kh1
Bd7 21. Qe2 Nh5 22. Qxe3 Rxe3 23. Bf1 g6 24. Kg1 f5 25. Kf2 f4 26. Re1 Rxe1 27.
Kxe1 Kf7 28. Kf2 Ng7 29. Bd3 a6 30. g3 fxg3+ 31. hxg3 h6 32. Ke3 Kf6 33. f4 g5
34. fxg5+ hxg5 35. Ne2 Ke5 36. Bg6 Bb5 37. Bc2 Nh5 38. Bd3 Bd7 39. Kf3 Nf6 40.
Kf2 Bg4 41. a3 Bxe2 42. Kxe2 a5 43. Kf3 b6 44. Bc2 Kd6 45. b4 axb4 46. axb4 Ke5
47. Ke3 Ne4 48. Bxe4 dxe4 49. c4 Kf5 50. c5 b5 51. c6 Ke6 52. Kxe4 Kd6 53. Kf5
Kxc6 54. Kxg5 Kd5 55. Kf6 Kc4 56. g4 Kxb4 57. g5 Kc3 58. g6 b4 59. g7 b3 60.
g8=Q b2 61. Qh7 Kb3 62. Qb1 1-0

[Event "Sparkassen-Open B"]
[Site "Heusenstamm, Martinsee"]
[Date "2019.11.24"]
[Round "6.39"]
[White "Ramien, Hannah"]
[Black "Gräf, Kilian Gabriel"]
[Result "1-0"]
[WhiteElo "1429"]
[BlackElo "1439"]
[PlyCount "97"]
[EventDate "2019.??.??"]
[WhiteTeam "SG Porz"]
[BlackTeam "SV Frankfurt Nord"]

1. e4 d6 2. d4 Nf6 3. Nc3 g6 4. Nf3 Bg7 5. Bc4 O-O 6. O-O Nbd7 7. Be3 c6 8. Qd2
b5 9. Bb3 b4 10. Ne2 Nxe4 11. Qxb4 c5 12. dxc5 Nexc5 13. Bxc5 Nxc5 14. Bd5 Nb7
15. Bxb7 Rb8 16. Qa3 Rxb7 17. Nc3 Qb6 18. Rab1 Be6 19. Na4 Qb4 20. Qxb4 Rxb4
21. b3 Rc8 22. c4 Bxc4 23. Rbc1 Ba6 24. Rxc8+ Bxc8 25. Rc1 Bd7 26. Nc3 Rb8 27.
Nd5 e6 28. Ne3 Rc8 29. Rxc8+ Bxc8 30. Nc4 d5 31. Na5 Bd7 32. Nb7 Kf8 33. Nc5
Ke7 34. Nxd7 Kxd7 35. Kf1 Kc6 36. Ke2 Kc5 37. Kd3 Kb4 38. Kc2 a5 39. Ng5 a4 40.
bxa4 Kxa4 41. Nxf7 Ka3 42. Ng5 h6 43. Nxe6 Be5 44. f4 Bd6 45. Kb1 Kb4 46. g4 d4
47. Nxd4 Bxf4 48. h3 Be5 49. Nc6+ 1-0

[Event "Sparkassen-Open B"]
[Site "Heusenstamm, Martinsee"]
[Date "2019.11.24"]
[Round "6.40"]
[White "Piepenhagen, Eric"]
[Black "Richter, Johannes"]
[Result "1-0"]
[WhiteElo "1581"]
[BlackElo "1348"]
[PlyCount "63"]
[EventDate "2019.??.??"]
[WhiteTeam "SG Rödermark"]
[BlackTeam "Berkershm"]

1. b4 d5 2. Bb2 Nf6 3. Nf3 g6 4. e3 Bg7 5. c4 c6 6. b5 dxc4 7. Bxc4 O-O 8. O-O
cxb5 9. Bxb5 a6 10. Be2 Nc6 11. Nc3 b5 12. Qc2 Nb4 13. Qb3 Nd3 14. Nd4 Nxb2 15.
Qxb2 Bb7 16. a4 e5 17. Nf3 Nd5 18. axb5 Nxc3 19. dxc3 Qb6 20. Rab1 f5 21. Qb3+
Kh8 22. c4 Be4 23. Rbc1 Rfc8 24. Nd2 Bb7 25. bxa6 Qxa6 26. Rb1 Rab8 27. Qb5 Qd6
28. Qb4 Qc6 29. Nf3 Qc7 30. Qb6 Qe7 31. Rfd1 Rc6 32. Qa7 1-0

[Event "Sparkassen-Open B"]
[Site "Heusenstamm, Martinsee"]
[Date "2019.11.24"]
[Round "6.41"]
[White "Emrich, Franz"]
[Black "Kuchta, Maksim"]
[Result "0-1"]
[WhiteElo "1572"]
[BlackElo "1308"]
[PlyCount "98"]
[EventDate "2019.??.??"]
[WhiteTeam "SC Lambsheim"]
[BlackTeam "SC Heusenstamm"]

1. d4 Nf6 2. c4 e6 3. Nf3 Bb4+ 4. Nc3 c5 5. a3 cxd4 6. Nxd4 Bxc3+ 7. bxc3 O-O
8. Bg5 Qa5 9. Bd2 Ne4 10. Qc2 Nxd2 11. Qxd2 b6 12. e4 Ba6 13. Bd3 Rc8 14. O-O
Bxc4 15. Bxc4 Rxc4 16. Rfc1 d5 17. e5 Nc6 18. Qe3 Nxd4 19. cxd4 Rac8 20. Rxc4
Rxc4 21. h3 Qc3 22. Qe1 Qxe1+ 23. Rxe1 Rxd4 24. Rc1 Rc4 25. Rb1 Kf8 26. Kf1 Ke7
27. f3 f6 28. exf6+ gxf6 29. Kf2 e5 30. g4 Ke6 31. Rb3 h6 32. h4 f5 33. g5 Rxh4
34. g6 Kf6 35. Rc3 Rc4 36. Rd3 d4 37. f4 e4 38. Rg3 Kg7 39. Rg1 Rc2+ 40. Kg3
Kxg6 41. Kh3+ Kh7 42. a4 d3 43. Rd1 d2 44. Kg3 e3 45. Kf3 Rc1 46. Ke2 Rxd1 47.
Kxd1 h5 48. Ke2 h4 49. a5 bxa5 0-1

[Event "Sparkassen-Open B"]
[Site "Heusenstamm, Martinsee"]
[Date "2019.11.24"]
[Round "6.42"]
[White "Burow, Roger"]
[Black "de Boer, Alex"]
[Result "0-1"]
[WhiteElo "1670"]
[BlackElo "1094"]
[PlyCount "36"]
[EventDate "2019.??.??"]
[WhiteTeam "SV Kelsterbach"]
[BlackTeam "SK Bickenbach"]

1. e4 e5 2. d4 exd4 3. c3 dxc3 4. Bc4 cxb2 5. Bxb2 d6 6. Nc3 Nc6 7. Nf3 Bg4 8.
h4 Nf6 9. Nd5 Ne5 10. Bxe5 dxe5 11. Nxf6+ Qxf6 12. Qb3 Bxf3 13. gxf3 b6 14. Rd1
Bc5 15. Bb5+ c6 16. Qd5 O-O 17. Qxc6 Qxf3 18. O-O Bxf2+ 0-1